000 00238nam a22001097a 4500
999 _c166856
_d166856
082 _a
_b
100 _aKamaleswar
245 _aPathi patni aur woh/
_cby Kamaleswar.
260 _aNew Delhi:
_bRajpal,
_c2006.
650 _a
942 _cBK